003450000a2200121000450024500730000065000270007365000160010065000130011665000170012904100130014610000220015977300420018110aPrimate diets and gut morphology: implications for hominid evolution14aHábitos alimentarios14aEvolución14aPrimates14aMorfología0 aInglés1 aMilton, Katharine1 tFood and Evolution3421q93-115d1987